AIS firmy

Salvato in:
Dettagli Bibliografici
Autore principale: Masár, Zdenko
Ente Autore: Ekonomická univerzita v Bratislave. Fakulta hospodárskej informatiky
Altri autori: Štefánek, Ján
Natura: Libro
Lingua:slovacco
Pubblicazione: Bratislava Ekonomická univerzita 1995
Edizione:1. vyd.
Soggetti:
Tags: Aggiungi Tag
Nessun Tag, puoi essere il primo ad aggiungerne!!

MARC

LEADER 00000nam a2200000 4500
001 c010169
005 20221214070643.7
020 |a 80-225-0650-8 
041 0 |a slo 
044 |a SK 
245 1 0 |a AIS firmy  |c Zdenko Masár, Ján Štefánek 
250 |a 1. vyd. 
264 1 |a Bratislava  |b Ekonomická univerzita  |c 1995 
300 |a 124 s. 
610 2 0 |a systémy riadenia automatizované 
610 2 0 |a AIS 
610 2 0 |a systémy riadenia automatizované 
610 2 0 |a systémy informačné 
610 2 0 |a firmy 
610 2 0 |a klasifikácia 
100 1 |a Masár, Zdenko 
700 1 |a Štefánek, Ján 
710 2 |a Ekonomická univerzita v Bratislave. Fakulta hospodárskej informatiky